Normal view
MARC view
- Dobson, Jenni
Entry Personal Name
001 - CONTROL NUMBER
- control field: 88455
003 - CONTROL NUMBER IDENTIFIER
- control field: NUST
005 - DATE AND TIME OF LATEST TRANSACTION
- control field: 20220117153543.0
008 - FIXED-LENGTH DATA ELEMENTS
- fixed length control field: 220117|| aca||aabn | a|a d
040 ## - CATALOGING SOURCE
- Original cataloging agency: NUST
- Transcribing agency: NUST
100 ## - HEADING--PERSONAL NAME
- Personal name: Dobson, Jenni
670 ## - SOURCE DATA FOUND
- Source citation: Work cat.: (NUST): Dobson, Jenni, Quick And Easy Quilts 20 Stylish Projects For Fast Result, 2006.
